Kos zpíval

Hlavní autor: Mach, Pravoslav, 1902-1970
Další autoři: Kopáček, Jaroslav, 1905-1971, Zeman, Vašek, 1909-1987, Jirousek, Vladimír, 1907-
Jazyk: Čeština
Vydáno: Praha : Grando, 1937
Fyzický popis: 10 hlasů, neúpl., chybí asi 10 hlasů
Hudebniny Hudebniny
Uloženo v:
LEADER 01042ncm a22002652a 4500
001 000970706
003 CZ BrMZK
005 20120727153221.0
007 qu
008 091013s1937 xr |||||||||||||||||cze d
040 |a BOA001  |b cze 
072 7 |a 784  |x Vokální hudba  |2 Konspekt  |9 9 
100 1 |a Mach, Pravoslav,  |d 1902-1970  |7 mzk2012712157  |4 cmp 
245 1 0 |a Kos zpíval  |h [hudebnina] :  |c lidová polka a píseň / Sláva Mach ; slova: Vl. Jirousek.^^Musíme zapomenout (Dobříšská polka) / Jar. Kopáček ; slova : Vašek Zeman 
260 |a Praha :  |b Grando,  |c 1937 
300 |a 10 hlasů, neúpl., chybí asi 10 hlasů 
500 |a Pro dechový orchestr 
700 1 |a Kopáček, Jaroslav,  |d 1905-1971  |7 xx0022511  |4 cmp 
700 1 |a Zeman, Vašek,  |d 1909-1987  |7 jx20040920001  |4 lyr 
700 1 |a Jirousek, Vladimír,  |d 1907-  |7 jk01051908  |4 lyr 
740 0 2 |a Musíme zapomenout 
910 |a BOA001  |b Mus1-0428.963 
990 |a MU 
991 |b 200910 
996 6 |b 2619441179  |c Mus1-0428.963  |l MZK  |r Sklad / do 1 hodiny  |n 0  |w 000970706  |u 000010  |a 1  |e BOA001  |j MZK50  |s P